[Event "4th WGP Kazan 2012"]
[Site "Kazan RUS"]
[Date "2012.06.10"]
[Round "1"]
[White "Kosintseva, Tatiana"]
[Black "Kosteniuk, Alexandra"]
[Result "1/2-1/2"]
[WhiteTitle "GM"]
[BlackTitle "GM"]
[WhiteElo "2532"]
[BlackElo "2457"]
[WhiteFideId "4133471"]
[BlackFideId "4128125"]
[EventDate "2012.06.09"]

1. e4 e5 2. Nf3 Nc6 3. Bb5 a6 4. Ba4 Nf6 5. O-O Be7 6. Re1 b5 7. Bb3 O-O 8. a4
Bb7 9. d3 Re8 10. Nbd2 Bf8 11. c3 h6 12. Ba2 d5 13. exd5 Nxd5 14. Ne4 Nb8 15. b4
Nd7 16. Bd2 Bc6 17. Bb3 Re6 18. d4 Bb7 19. Ng3 bxa4 20. Bxa4 e4 21. Bxd7 Qxd7
22. Ne5 Qe8 23. Qb3 Nb6 24. Ra5 Rd8 25. Bc1 f6 26. Ng4 Bd5 27. Qc2 Nc4 28. Ra1
h5 29. Ne3 Nxe3 30. fxe3 Bc4 31. Qf2 Rd5 32. Ne2 g5 33. Bd2 Bd6 34. Ra5 Rxa5 35.
bxa5 h4 36. d5 Re5 37. Qxf6 Qe7 38. Qg6+ Qg7 39. Qh5 Rxd5 40. Qe8+ Bf8 41. Qxe4
Ba2 42. Nd4 c5 43. Qc2 Bc4 44. e4 Rd7 45. Nf5 Qg6 46. Be3 Bd3 47. Qd2 Qf7 48.
Bf2 Qf6 49. h3 Bb5 50. Qc2 Qe6 51. Qc1 Qg6 52. Rd1 g4 53. Rxd7 Bxd7 54. Nxh4
Qxe4 55. Qg5+ Bg7 56. hxg4 Bxg4 57. Qxc5 Be5 58. Nf3 Bxf3 59. Qc8+ Kg7 60. Qd7+
Kg6 61. Qe8+ Kg7 62. Qd7+ Kg6 63. gxf3 Qxf3 64. Qe6+ Qf6 65. Qg8+ Kf5 66. c4 Qd6
67. Qf7+ Ke4 68. Kg2 Kd3 69. c5 Qc6+ 70. Qf3+ Qxf3+ 71. Kxf3 Bc7 72. c6 Bxa5 73.
Kf4 Bc7+ 74. Kf5 a5 75. Ke6 a4 76. Bc5 Kc4 77. Bd6 Ba5 78. Kd7 Kb3 79. c7 Bxc7
80. Kxc7 a3 81. Bxa3 1/2-1/2

[Event "4th WGP Kazan 2012"]
[Site "Kazan RUS"]
[Date "2012.06.10"]
[Round "1"]
[White "Koneru, Humpy"]
[Black "Hou, Yifan"]
[Result "1/2-1/2"]
[WhiteTitle "GM"]
[BlackTitle "GM"]
[WhiteElo "2589"]
[BlackElo "2623"]
[WhiteFideId "5008123"]
[BlackFideId "8602980"]
[EventDate "2012.06.09"]

1. d4 e6 2. c4 Nf6 3. Nc3 Bb4 4. e3 O-O 5. Bd3 d5 6. Nf3 c5 7. O-O Nc6 8. cxd5
exd5 9. dxc5 Bxc5 10. h3 a6 11. b3 Re8 12. Bb2 Ne4 13. Ne2 Bd6 14. Rc1 Bf5 15.
Bb1 Qd7 16. Nf4 Bxf4 17. exf4 Rad8 18. Nh4 Nd6 19. Nxf5 Nxf5 20. Qg4 Nce7 21.
Rfe1 d4 22. Rcd1 g6 23. Re5 f6 24. Re4 Nc6 25. Qf3 Nh4 26. Qg3 Nf5 27. Qf3 Nh4
28. Qe2 Nf5 29. Qf3 1/2-1/2

[Event "4th WGP Kazan 2012"]
[Site "Kazan RUS"]
[Date "2012.06.10"]
[Round "1"]
[White "Danielian, Elina"]
[Black "Muzychuk, Anna"]
[Result "1/2-1/2"]
[WhiteTitle "GM"]
[BlackTitle "GM"]
[WhiteElo "2484"]
[BlackElo "2598"]
[WhiteFideId "13300210"]
[BlackFideId "14111330"]
[EventDate "2012.06.09"]

1. d4 d5 2. Nf3 Nf6 3. c4 c6 4. Nc3 e6 5. Bg5 h6 6. Bh4 dxc4 7. e4 g5 8. Bg3 b5
9. Be2 Bg7 10. e5 Nh5 11. a4 a6 12. Ne4 O-O 13. Nfxg5 Nxg3 14. hxg3 hxg5 15. Qc2
f5 16. exf6 Rxf6 17. Nxf6+ Qxf6 18. Qh7+ Kf8 19. Ra3 Qxd4 20. Rf3+ Ke7 21. Qg8
Qxb2 22. Rh7 Qb4+ 23. Kd1 Qxa4+ 24. Ke1 Qa5+ 25. Kd1 Qa1+ 26. Kd2 Qa5+ 27. Kd1
Qa1+ 28. Kd2 Qa5+ 1/2-1/2

[Event "4th WGP Kazan 2012"]
[Site "Kazan RUS"]
[Date "2012.06.10"]
[Round "1"]
[White "Cmilyte, Viktorija"]
[Black "Lahno, Kateryna"]
[Result "1/2-1/2"]
[WhiteTitle "GM"]
[BlackTitle "GM"]
[WhiteElo "2508"]
[BlackElo "2546"]
[WhiteFideId "12801259"]
[BlackFideId "14109336"]
[EventDate "2012.06.09"]

1. d4 Nf6 2. c4 g6 3. Nc3 d5 4. Nf3 Bg7 5. Qb3 dxc4 6. Qxc4 O-O 7. e4 a6 8. Be2
b5 9. Qb3 Bb7 10. e5 Nd5 11. a4 c5 12. axb5 cxd4 13. bxa6 dxc3 14. Qxb7 Nxa6 15.
Bxa6 Rb8 16. Qa7 cxb2 17. Bxb2 Rxb2 18. O-O e6 19. Rfd1 Qb8 20. Bc4 Bxe5 21.
Qxb8 Bxb8 22. Bxd5 exd5 23. Rxd5 Ba7 24. Rd2 Rxd2 25. Nxd2 Rd8 26. Rxa7 Rxd2 27.
g3 h5 28. h4 Kg7 29. Kg2 Rb2 30. Rc7 Rd2 31. Ra7 Rb2 32. Rc7 1/2-1/2

[Event "4th WGP Kazan 2012"]
[Site "Kazan RUS"]
[Date "2012.06.10"]
[Round "1"]
[White "Kosintseva, Nadezhda"]
[Black "Stefanova, Antoaneta"]
[Result "0-1"]
[WhiteTitle "GM"]
[BlackTitle "GM"]
[WhiteElo "2528"]
[BlackElo "2518"]
[WhiteFideId "4134974"]
[BlackFideId "2902257"]
[EventDate "2012.06.09"]

1. e4 e5 2. Nf3 Nc6 3. Bb5 Nf6 4. d3 Bc5 5. O-O Nd4 6. Nxd4 Bxd4 7. Nd2 c6 8.
Ba4 d6 9. c3 Bg4 10. Qe1 Bb6 11. Bb3 Nh5 12. Nc4 Bc7 13. Ne3 Bd7 14. Qd1 Nf4 15.
d4 Qf6 16. Kh1 h5 17. f3 Qg6 18. g3 Nh3 19. Bc2 h4 20. g4 Qf6 21. b4 d5 22. exd5
exd4 23. Nf5 dxc3 24. Qe2+ Kf8 25. d6 Bxf5 26. dxc7 Bxc2 27. Qxc2 Nf4 28. Bxf4
Qxf4 29. Qxc3 Qxc7 30. Rad1 Rh6 31. Rfe1 Rf6 32. Re4 Kg8 33. Rde1 Qd7 34. Qe3
Qd5 35. a3 h3 36. Kg1 Rd8 37. Kf2 a5 38. Re8+ Rxe8 39. Qxe8+ Kh7 40. Qe4+ Qxe4
41. Rxe4 a4 42. Re7 b5 43. Kg3 Re6 44. Rxf7 Re3 45. Rc7 Rxa3 46. Rxc6 Rb3 47. g5
Rxb4 48. Ra6 Rb3 49. Kg4 g6 50. f4 a3 51. Ra7+ Kg8 52. Ra8+ Kf7 53. Ra6 Rc3 54.
Ra5 b4 55. Ra4 Rc4 56. Ra6 Rc2 57. f5 Rc4+ 58. Kxh3 gxf5 59. Rf6+ Kg7 60. Ra6
Re4 61. Kg3 Rg4+ 62. Kf3 Rxg5 63. Ra7+ Kh6 64. Kf4 Rg2 65. Kxf5 a2 66. Ra6+ Kh5
67. Ra8 Rf2+ 0-1

[Event "4th WGP Kazan 2012"]
[Site "Kazan RUS"]
[Date "2012.06.11"]
[Round "2"]
[White "Muzychuk, Anna"]
[Black "Stefanova, Antoaneta"]
[Result "1-0"]
[WhiteTitle "GM"]
[BlackTitle "GM"]
[WhiteElo "2598"]
[BlackElo "2518"]
[WhiteFideId "14111330"]
[BlackFideId "2902257"]
[EventDate "2012.06.09"]

1. e4 c6 2. d4 d5 3. Nc3 dxe4 4. Nxe4 Bf5 5. Ng3 Bg6 6. h4 h6 7. Nf3 Nd7 8. h5
Bh7 9. Bd3 Bxd3 10. Qxd3 e6 11. Bd2 Ngf6 12. O-O-O Be7 13. Kb1 Qc7 14. Ne4 Rd8
15. Nxf6+ Nxf6 16. Ne5 O-O 17. Bf4 Nd5 18. Bg3 Qb6 19. c4 Nb4 20. Qb3 Rxd4 21.
Nd7 Rxd1+ 22. Rxd1 Qa5 23. a3 Qf5+ 24. Ka1 Nc2+ 25. Ka2 Rd8 26. Bc7 Re8 27. f3
Bg5 28. g4 Qh7 29. f4 Bh4 30. Rd2 Ne1 31. Qe3 b6 32. Ne5 c5 33. Qe2 Bg3 34. Nc6
g5 35. hxg6 fxg6 36. Ne5 g5 37. Nd7 Qf7 38. fxg5 Bxc7 39. Nf6+ Kf8 40. Qxe1 Bf4
41. Rd7 Re7 42. Rd8+ Kg7 43. Qe4 hxg5 44. Nh5+ 1-0

[Event "4th WGP Kazan 2012"]
[Site "Kazan RUS"]
[Date "2012.06.11"]
[Round "2"]
[White "Kosteniuk, Alexandra"]
[Black "Cmilyte, Viktorija"]
[Result "1-0"]
[WhiteTitle "GM"]
[BlackTitle "GM"]
[WhiteElo "2457"]
[BlackElo "2508"]
[WhiteFideId "4128125"]
[BlackFideId "12801259"]
[EventDate "2012.06.09"]

1. e4 c5 2. Nf3 Nc6 3. d4 cxd4 4. Nxd4 e5 5. Nb5 a6 6. Nd6+ Bxd6 7. Qxd6 Qf6 8.
Qd3 Nge7 9. Nc3 Nb4 10. Qd1 Qg6 11. h4 h5 12. a3 Nbc6 13. Be3 d6 14. Qd2 Be6 15.
O-O-O O-O-O 16. Bd3 f5 17. Bg5 Rd7 18. Rhe1 Kb8 19. exf5 Nxf5 20. Be4 Ncd4 21.
f4 Rc8 22. Bd3 Rc5 23. Kb1 Qf7 24. Rc1 Rdc7 25. Bd8 R7c6 26. Be4 Rc8 27. Bb6
Rxc3 28. bxc3 Nb5 29. c4 Nxa3+ 30. Ka1 Nxc4 31. Qb4 exf4 32. Rb1 Qf6+ 33. Bd4
Qxd4+ 34. c3 Qb6 35. Qa4 Ka7 36. Bxb7 Qa5 37. Qxa5 Nxa5 38. Bxc8 Bxc8 39. Re4 g6
40. Rxf4 Ne3 41. Rf7+ Nb7 42. Rc7 Kb8 43. Rg7 Nxg2 44. Rxg6 Nxh4 45. Rxd6 Bf5
46. Rb4 a5 47. Rb5 Kc7 48. Rh6 Bg6 49. Rg5 Be4 50. Rg7+ Kb8 51. Re7 Bf3 52. Rf7
Bg4 53. Rh8+ Ka7 54. Rhh7 Bf3 55. Rf4 Bg4 56. Rxg4 hxg4 57. Rxh4 Kb6 58. Rxg4
Kb5 59. Kb2 Nc5 60. Ka3 Ne6 61. Rh4 Nc5 62. c4+ Kc6 63. Rh6+ Kd7 64. Kb2 Kc7 65.
Kc3 Kb7 66. Kd4 Nb3+ 67. Kd5 a4 68. c5 1-0

[Event "4th WGP Kazan 2012"]
[Site "Kazan RUS"]
[Date "2012.06.11"]
[Round "2"]
[White "Lahno, Kateryna"]
[Black "Kosintseva, Nadezhda"]
[Result "1/2-1/2"]
[WhiteTitle "GM"]
[BlackTitle "GM"]
[WhiteElo "2546"]
[BlackElo "2528"]
[WhiteFideId "14109336"]
[BlackFideId "4134974"]
[EventDate "2012.06.09"]

1. c4 Nf6 2. Nf3 c5 3. d4 cxd4 4. Nxd4 e5 5. Nb5 d5 6. cxd5 Bc5 7. N5c3 O-O 8.
g3 e4 9. Bg2 Bf5 10. O-O Nbd7 11. Bg5 h6 12. Bxf6 Nxf6 13. e3 Re8 14. Qb3 Qd7
15. Nd2 Bf8 16. Rac1 Rac8 17. Qb5 Qxb5 18. Nxb5 Rxc1 19. Rxc1 Nxd5 20. a3 a6 21.
Nd4 Bg6 22. Bh3 Nb6 23. N2b3 Bd6 24. Na5 Re7 25. Rc3 Kh7 26. Nc4 Nxc4 27. Rxc4
Be5 28. b4 Re8 29. Rc8 Re7 30. Rc4 Re8 31. Rc8 Re7 32. Rc4 Re8 33. Rc8 1/2-1/2

[Event "4th WGP Kazan 2012"]
[Site "Kazan RUS"]
[Date "2012.06.11"]
[Round "2"]
[White "Danielian, Elina"]
[Black "Koneru, Humpy"]
[Result "1/2-1/2"]
[WhiteTitle "GM"]
[BlackTitle "GM"]
[WhiteElo "2484"]
[BlackElo "2589"]
[WhiteFideId "13300210"]
[BlackFideId "5008123"]
[EventDate "2012.06.09"]

1. d4 Nf6 2. Nf3 e6 3. c4 Bb4+ 4. Nc3 c5 5. e3 O-O 6. Bd3 d5 7. O-O b6 8. a3
Bxc3 9. bxc3 Ba6 10. cxd5 exd5 11. dxc5 bxc5 12. Bxa6 Nxa6 13. Qa4 Nc7 14. c4
dxc4 15. Bb2 c3 16. Bxc3 Ncd5 17. Be5 Nd7 18. Bg3 Qe7 19. Rac1 N5b6 20. Qc2 Rfe8
21. Rfd1 Qe4 22. Qa2 Rac8 23. a4 Nf6 24. a5 Nbd5 25. h3 h6 26. Nd2 Qe6 27. Qc4
Red8 28. Bh2 Nb4 29. Qxe6 fxe6 30. Nc4 Rd5 31. f3 Rcd8 32. Rf1 Rd3 33. e4 Na2
34. Rc2 Nb4 35. Rcc1 Na2 36. Rc2 Nb4 37. Rcc1 Na2 1/2-1/2

[Event "4th WGP Kazan 2012"]
[Site "Kazan RUS"]
[Date "2012.06.11"]
[Round "2"]
[White "Galliamova, Alisa"]
[Black "Kosintseva, Tatiana"]
[Result "1/2-1/2"]
[WhiteTitle "IM"]
[BlackTitle "GM"]
[WhiteElo "2484"]
[BlackElo "2532"]
[WhiteFideId "4129725"]
[BlackFideId "4133471"]
[EventDate "2012.06.09"]

1. d4 Nf6 2. c4 e6 3. Nc3 Bb4 4. Qc2 O-O 5. a3 Bxc3+ 6. Qxc3 d5 7. Nf3 dxc4 8.
Qxc4 b6 9. Bg5 Ba6 10. Qa4 h6 11. Bh4 c5 12. dxc5 bxc5 13. Rc1 Qe7 14. g4 Qd7
15. Qc2 Nc6 16. Bxf6 gxf6 17. e3 Bxf1 18. Kxf1 Rfc8 19. h4 Qb7 20. Rh3 Ne5 21.
Nxe5 fxe5 22. Qc3 Qb5+ 23. Kg2 c4 24. e4 Rab8 25. Rc2 Qc5 26. g5 h5 27. Qf3 Qd4
28. Rg3 Rb3 29. Rc3 Rxb2 30. Re3 Rc7 31. Qf6 Rbb7 32. g6 fxg6 33. Qxg6+ Rg7 34.
Qe8+ Kh7 35. Qxh5+ Kg8 36. Qe8+ Kh7 37. Qxe6 Rxg3+ 38. Kxg3 Rg7+ 39. Kh2 Qa1 40.
Qf5+ Kg8 41. Qe6+ Kh7 42. Qf5+ Kg8 43. Qe6+ Kh7 44. Qf5+ 1/2-1/2

[Event "4th WGP Kazan 2012"]
[Site "Kazan RUS"]
[Date "2012.06.12"]
[Round "3"]
[White "Kosintseva, Tatiana"]
[Black "Hou, Yifan"]
[Result "0-1"]
[WhiteTitle "GM"]
[BlackTitle "GM"]
[WhiteElo "2532"]
[BlackElo "2623"]
[WhiteFideId "4133471"]
[BlackFideId "8602980"]
[EventDate "2012.06.09"]

1. e4 c5 2. Nf3 d6 3. d4 cxd4 4. Nxd4 Nf6 5. Nc3 e6 6. g4 h6 7. Be3 a6 8. Bg2
Nc6 9. h3 Bd7 10. f4 Qc7 11. Qe2 Na5 12. Rd1 Nc4 13. Bc1 Rc8 14. b3 Qa5 15. Rd3
Ne5 16. Rg3 Ng6 17. Qe3 e5 18. Ne2 Be7 19. Bd2 Qc5 20. Qxc5 Rxc5 21. f5 Nh4 22.
Rf1 Nxg2+ 23. Rxg2 Bc6 24. Ng3 b5 25. Kd1 b4 26. Na4 Bxa4 27. bxa4 Rc4 28. Re2
Kd7 29. Rf3 Rhc8 30. Be1 R8c5 31. Rb3 a5 32. Rd3 Rc6 33. Bf2 Bd8 34. Kc1 Ke7 35.
Kb2 Nd7 36. a3 Bb6 37. axb4 Rxb4+ 38. Rb3 Rxa4 39. f6+ Kxf6 40. Nf5 g6 41. Bh4+
g5 42. Bf2 Ke6 43. Ng7+ Ke7 44. Nf5+ Ke8 45. Rd3 Bc7 46. Rf3 Nf6 47. Nd4 exd4
48. Rxf6 Rb4+ 49. Ka2 Rcb6 50. Ka3 R6b5 51. Rf5 Bb6 52. Rxb5 Rxb5 53. Rd2 Rb4
54. Rd3 Bc5 55. Ka2 a4 56. Be1 Rc4 57. Kb2 Ke7 58. Ba5 Ke6 59. Rf3 Ke7 60. Rd3
Bb4 61. Bb6 Bc3+ 62. Ka3 Rc6 63. Ba7 Ke6 64. Rf3 Ra6 65. Bb8 Bb2+ 66. Ka2 a3 67.
Rb3 Rc6 68. Kb1 f6 69. Rb7 d3 70. cxd3 Rc1+ 71. Ka2 Ra1+ 72. Kb3 Bd4 73. Rb4
Rb1+ 0-1

[Event "4th WGP Kazan 2012"]
[Site "Kazan RUS"]
[Date "2012.06.12"]
[Round "3"]
[White "Koneru, Humpy"]
[Black "Muzychuk, Anna"]
[Result "1/2-1/2"]
[WhiteTitle "GM"]
[BlackTitle "GM"]
[WhiteElo "2589"]
[BlackElo "2598"]
[WhiteFideId "5008123"]
[BlackFideId "14111330"]
[EventDate "2012.06.09"]

1. d4 d5 2. c4 c6 3. e3 Nf6 4. Nc3 e6 5. Nf3 Nbd7 6. Qc2 Bd6 7. Bd3 O-O 8. O-O
dxc4 9. Bxc4 b5 10. Be2 a6 11. Rd1 Qc7 12. Ne4 Nxe4 13. Qxe4 Bb7 14. Bd3 g6 15.
Qh4 c5 16. Ng5 h5 17. Ne4 Bxe4 18. Bxe4 Rae8 19. Bd2 Be7 20. Qg3 Qxg3 21. hxg3
Nf6 22. Bf3 cxd4 23. exd4 Rc8 24. a4 Rc4 25. axb5 axb5 26. Bg5 Rfc8 27. Ra7 R4c7
28. Ra5 b4 29. Rb5 Rd8 30. Kf1 Rcd7 31. Be3 Nd5 32. Bxd5 Rxd5 33. Rxd5 Rxd5 34.
Ke2 e5 35. dxe5 Rxe5 36. Rc1 Bf6 37. Rc8+ Kg7 38. Rb8 Be7 39. Kd3 Rd5+ 40. Bd4+
f6 41. Kc4 Rd7 42. Rb5 Kf7 43. Rb6 Rc7+ 44. Kd3 Rd7 45. Ke3 Rc7 46. Ke2 Rc1 47.
Kf3 Re1 48. Be3 Rb1 49. Bd4 Re1 50. Be3 Rb1 51. Bd4 f5 52. Ke2 Rg1 53. Be3 h4
54. Kf3 hxg3 55. fxg3 Rb1 56. Bd4 Rd1 57. Be5 Rd5 58. Kf4 Rd2 59. g4 Re2 60. Rb5
Rxg2 61. gxf5 Rf2+ 62. Ke4 gxf5+ 63. Ke3 Rf1 64. Ke2 Rc1 65. Rb6 Rc5 66. Bd4 Rd5
67. Bf2 Re5+ 68. Kf3 Re4 69. Bg1 Bf6 70. Bc5 Bxb2 71. Rxb4 Rxb4 72. Bxb4 Ke6 1/2-1/2

[Event "4th WGP Kazan 2012"]
[Site "Kazan RUS"]
[Date "2012.06.12"]
[Round "3"]
[White "Cmilyte, Viktorija"]
[Black "Galliamova, Alisa"]
[Result "1-0"]
[WhiteTitle "GM"]
[BlackTitle "IM"]
[WhiteElo "2508"]
[BlackElo "2484"]
[WhiteFideId "12801259"]
[BlackFideId "4129725"]
[EventDate "2012.06.09"]

1. Nf3 d5 2. c4 c6 3. e3 Nf6 4. Nc3 e6 5. b3 Nbd7 6. Qc2 Bd6 7. Bb2 O-O 8. Be2
e5 9. cxd5 Nxd5 10. Ne4 Bc7 11. Ng3 Re8 12. a3 a5 13. O-O Qe7 14. Rad1 g6 15. e4
Nf4 16. d4 h5 17. Bc4 exd4 18. e5 b5 19. Rxd4 Nh3+ 20. gxh3 bxc4 21. e6 Ne5 22.
Rf4 Nxf3+ 23. Rxf3 f5 24. Nxf5 Qg5+ 25. Kh1 Rxe6 26. h4 Qxf5 27. Rxf5 gxf5 28.
Qxf5 1-0

[Event "4th WGP Kazan 2012"]
[Site "Kazan RUS"]
[Date "2012.06.12"]
[Round "3"]
[White "Kosintseva, Nadezhda"]
[Black "Kosteniuk, Alexandra"]
[Result "1-0"]
[WhiteTitle "GM"]
[BlackTitle "GM"]
[WhiteElo "2528"]
[BlackElo "2457"]
[WhiteFideId "4134974"]
[BlackFideId "4128125"]
[EventDate "2012.06.09"]

1. d4 Nf6 2. c4 e6 3. g3 Bb4+ 4. Bd2 Bxd2+ 5. Qxd2 d5 6. Bg2 c6 7. Nf3 b6 8. O-O
Nbd7 9. cxd5 cxd5 10. Qb4 Qe7 11. Qa4 O-O 12. Rc1 a5 13. a3 Ba6 14. e3 Rfc8 15.
Nbd2 Qd8 16. Bf1 Bxf1 17. Kxf1 Ne8 18. Ne5 Nxe5 19. dxe5 Rc5 20. Nb3 b5 21. Qd4
Rc4 22. Qd2 Qc7 23. Nd4 Rc8 24. Rxc4 bxc4 25. Rc1 Qb7 26. b3 f6 27. exf6 Nxf6
28. bxc4 dxc4 29. Kg1 Qd5 30. Qb2 Ng4 31. Qb6 e5 32. Nf5 Qd7 33. Nd6 Rf8 34. Qc5
h6 35. Qxc4+ Kh8 36. Ne4 Qf5 37. Rf1 Rc8 38. Qd5 Rf8 39. Nd6 Nxe3 40. Qc5 Qd3
41. Qxe3 Qxd6 42. Rc1 a4 43. Rc4 Rb8 44. Kg2 Qd5+ 45. Qe4 Qxe4+ 46. Rxe4 Rb3 47.
Rxa4 e4 48. Ra8+ Kh7 49. a4 Ra3 50. a5 Ra2 51. Kf1 Kg6 52. a6 Kg5 53. h3 h5 54.
a7 Ra1+ 55. Ke2 Ra2+ 56. Ke3 Ra4 57. Kd2 Ra2+ 58. Kc3 Ra4 59. Kb3 Ra1 60. Kc4
Ra5 61. Kd4 Ra4+ 62. Ke5 Kg6 63. Kf4 Kh7 64. Kf5 g6+ 65. Kf6 Ra6+ 66. Ke5 Ra4
67. Ke6 Kg7 68. Kd5 Ra1 69. Kxe4 Re1+ 70. Kd3 Rd1+ 71. Ke2 Ra1 72. f4 Ra3 73. g4
h4 74. f5 Ra2+ 75. Kd3 Ra3+ 76. Kc4 gxf5 77. gxf5 Ra4+ 1-0

[Event "4th WGP Kazan 2012"]
[Site "Kazan RUS"]
[Date "2012.06.12"]
[Round "3"]
[White "Stefanova, Antoaneta"]
[Black "Lahno, Kateryna"]
[Result "1/2-1/2"]
[WhiteTitle "GM"]
[BlackTitle "GM"]
[WhiteElo "2518"]
[BlackElo "2546"]
[WhiteFideId "2902257"]
[BlackFideId "14109336"]
[EventDate "2012.06.09"]

1. d4 Nf6 2. Nf3 g6 3. c4 Bg7 4. Nc3 d5 5. Qb3 dxc4 6. Qxc4 O-O 7. e4 Bg4 8. Be2
Nfd7 9. Be3 Nb6 10. Qd3 Nc6 11. d5 Bxf3 12. gxf3 Ne5 13. Qb5 c6 14. dxc6 Nxc6
15. Rd1 Nd4 16. Bxd4 Bxd4 17. Qb4 e5 18. Nb5 Qg5 19. Kf1 Qh4 20. Nxd4 Qh3+ 21.
Kg1 exd4 22. Rxd4 Rfd8 23. f4 Rac8 24. Rxd8+ Rxd8 25. f5 Qh4 26. fxg6 hxg6 27.
h3 Rc8 28. Qd4 Rc2 29. Kf1 Qg5 30. Bg4 Qc1+ 31. Kg2 Qxb2 32. Qxb2 Rxb2 33. Rc1
Rxa2 34. Rc7 a5 35. e5 Nd5 36. Rxb7 Ne3+ 37. Kg3 Nxg4 38. hxg4 g5 39. Rb8+ Kg7
40. Rb7 Re2 41. Rb5 a4 42. e6 f6 43. Ra5 Rxe6 44. Rxa4 Rb6 45. Rc4 Ra6 46. Rb4
Rc6 47. Ra4 Rb6 48. Rc4 1/2-1/2

[Event "4th WGP Kazan 2012"]
[Site "Kazan RUS"]
[Date "2012.06.13"]
[Round "4"]
[White "Muzychuk, Anna"]
[Black "Lahno, Kateryna"]
[Result "1/2-1/2"]
[WhiteTitle "GM"]
[BlackTitle "GM"]
[WhiteElo "2598"]
[BlackElo "2546"]
[WhiteFideId "14111330"]
[BlackFideId "14109336"]
[EventDate "2012.06.09"]

1. e4 d6 2. d4 g6 3. Nc3 Bg7 4. f4 Nf6 5. Nf3 c5 6. dxc5 Qa5 7. Qd4 O-O 8. cxd6
Nxe4 9. Qxe4 Bxc3+ 10. bxc3 Qxc3+ 11. Kf2 Qxa1 12. dxe7 Re8 13. Bc4 Qf6 14. Ba3
Be6 15. Bxe6 Qxe6 16. Qxe6 fxe6 17. Ne5 Nc6 18. Nxc6 bxc6 19. Bd6 c5 20. Rb1
Rac8 21. Rb5 Kf7 22. c3 Rc6 23. Bxc5 a6 24. Ra5 Rec8 25. Bb4 h5 26. Rg5 Ra8 27.
Ra5 Ra7 28. Ke2 Rd7 29. Rg5 Rc8 30. Ra5 Rc6 31. Rg5 Rc8 32. Ra5 Rc6 33. Rg5 1/2-1/2

[Event "4th WGP Kazan 2012"]
[Site "Kazan RUS"]
[Date "2012.06.13"]
[Round "4"]
[White "Kosteniuk, Alexandra"]
[Black "Stefanova, Antoaneta"]
[Result "1/2-1/2"]
[WhiteTitle "GM"]
[BlackTitle "GM"]
[WhiteElo "2457"]
[BlackElo "2518"]
[WhiteFideId "4128125"]
[BlackFideId "2902257"]
[EventDate "2012.06.09"]

1. d4 d5 2. c4 c6 3. Nc3 Nf6 4. e3 a6 5. Nf3 e6 6. Ne5 Nbd7 7. f4 Bb4 8. Bd3 c5
9. O-O cxd4 10. exd4 dxc4 11. Bxc4 Nb6 12. Bb3 O-O 13. Qd3 Nbd5 14. Bd2 Ne7 15.
g4 b5 16. g5 Ne8 17. Bc2 Nf5 18. Nc6 Qd6 19. Nxb4 Qxb4 20. Ne4 Qxd4+ 21. Qxd4
Nxd4 22. Bd3 Nc7 23. Bb4 Re8 24. a4 bxa4 25. Nd6 Rd8 26. Nxc8 Raxc8 27. Rxa4 Nc6
28. Rc1 Nxb4 29. Rxb4 a5 30. Rb7 Nd5 31. Rxc8 Rxc8 32. f5 Nf4 33. Bc4 Kf8 34. b3
Nh3+ 35. Kg2 Nxg5 36. h4 Ne4 37. fxe6 fxe6 38. Bxe6 Rc2+ 39. Kf3 Nc5 40. Rb8+
Ke7 41. Bg8 Rc3+ 42. Kf4 h6 43. Rb5 Ne6+ 44. Bxe6 Kxe6 45. Rxa5 Rxb3 46. Ra4 Rb5
47. Kg4 Kf6 48. h5 Rg5+ 49. Kh4 Rd5 50. Rf4+ Rf5 51. Ra4 Ke5 52. Ra5+ Ke4 53.
Ra4+ Kf3 54. Ra3+ Ke4 55. Ra4+ Ke5 56. Ra5+ Ke4 57. Ra4+ Ke5 1/2-1/2

[Event "4th WGP Kazan 2012"]
[Site "Kazan RUS"]
[Date "2012.06.13"]
[Round "4"]
[White "Galliamova, Alisa"]
[Black "Kosintseva, Nadezhda"]
[Result "0-1"]
[WhiteTitle "IM"]
[BlackTitle "GM"]
[WhiteElo "2484"]
[BlackElo "2528"]
[WhiteFideId "4129725"]
[BlackFideId "4134974"]
[EventDate "2012.06.09"]

1. d4 Nf6 2. c4 e6 3. Nc3 Bb4 4. Qc2 O-O 5. a3 Bxc3+ 6. Qxc3 d6 7. Bg5 Nbd7 8.
e3 b6 9. Nf3 Bb7 10. Nd2 Rc8 11. b4 h6 12. Bh4 e5 13. f3 Re8 14. Bf2 exd4 15.
Qxd4 Ne5 16. Be2 c5 17. bxc5 dxc5 18. Qc3 Rc7 19. O-O Rd7 20. Nb3 Nd3 21. Bxd3
Rxd3 22. Qc2 Qd7 23. Rfe1 Rd6 24. a4 Nh7 25. a5 Ng5 26. e4 Rd8 27. axb6 axb6 28.
Bh4 Rd3 29. Bxg5 hxg5 30. h3 Bc6 31. Ra6 Ba4 32. Rxb6 Qc7 33. Rb5 Bxb5 34. cxb5
c4 35. Nc1 Rd2 36. Qc3 Qg3 0-1

[Event "4th WGP Kazan 2012"]
[Site "Kazan RUS"]
[Date "2012.06.13"]
[Round "4"]
[White "Hou, Yifan"]
[Black "Cmilyte, Viktorija"]
[Result "0-1"]
[WhiteTitle "GM"]
[BlackTitle "GM"]
[WhiteElo "2623"]
[BlackElo "2508"]
[WhiteFideId "8602980"]
[BlackFideId "12801259"]
[EventDate "2012.06.09"]

1. e4 c5 2. Nc3 d6 3. d4 cxd4 4. Qxd4 Nc6 5. Bb5 Bd7 6. Bxc6 Bxc6 7. Qd3 Nf6 8.
Bg5 Qa5 9. Bxf6 gxf6 10. Nf3 Rg8 11. Rg1 Bh6 12. Nd4 Bd7 13. g3 Rc8 14. Rf1 Bh3
15. Rh1 Qb4 16. Nb3 f5 17. exf5 Qc4 18. Qxc4 Rxc4 19. f6 Rg6 20. f4 e5 21. Nd2
Rxc3 22. bxc3 exf4 23. Ke2 Rxf6 24. Rae1 Kd7 25. Ne4 Rg6 26. Rhg1 Bg4+ 27. Kf1
Be6 28. gxf4 Bxf4 29. Rxg6 hxg6 30. Kg2 Kc6 31. a3 Be5 32. Re3 Bd5 33. Kf2 Bxh2
34. Ng3 f5 35. Rd3 Kc5 36. Rd1 Bxg3+ 37. Kxg3 g5 38. Kf2 Be4 39. Rg1 g4 40. Ke3
Bxc2 41. Rg2 Be4 42. Rd2 Kc4 43. Rxd6 g3 44. Rd4+ Kxc3 45. Rb4 Bc6 46. Rb1 Kc2
47. Rb4 a5 48. Rc4+ Kb3 49. Rc5 g2 50. Kf2 a4 51. Rxf5 Kxa3 0-1

[Event "4th WGP Kazan 2012"]
[Site "Kazan RUS"]
[Date "2012.06.13"]
[Round "4"]
[White "Danielian, Elina"]
[Black "Kosintseva, Tatiana"]
[Result "1-0"]
[WhiteTitle "GM"]
[BlackTitle "GM"]
[WhiteElo "2484"]
[BlackElo "2532"]
[WhiteFideId "13300210"]
[BlackFideId "4133471"]
[EventDate "2012.06.09"]

1. d4 Nf6 2. c4 e6 3. Nc3 Bb4 4. Qc2 O-O 5. a3 Bxc3+ 6. Qxc3 d6 7. Bg5 Nbd7 8.
e3 b6 9. Bd3 c5 10. Ne2 Ba6 11. O-O Rc8 12. Qc2 h6 13. Bxf6 Qxf6 14. Qa4 Nb8 15.
Rfd1 Qe7 16. Rac1 Qd7 17. Qb3 Qc7 18. Bb1 Nc6 19. d5 exd5 20. Rxd5 Rcd8 21. h4
Ne7 22. Qc2 g6 23. Nf4 Qd7 24. h5 Nxd5 25. Nxd5 f5 26. hxg6 Bb7 27. Nf4 Qe7 28.
Qa4 Be4 29. Rd1 Bxb1 30. Rxb1 d5 31. cxd5 Rd6 32. Rc1 a5 33. Qc4 Qe5 34. b4 axb4
35. axb4 Rc8 36. Qa6 Rdd8 37. Qxb6 c4 38. Rxc4 Rb8 39. Qa7 1-0